[Event "BEL-chT 2324"]
[Site "Belgium"]
[Date "2024.04.21"]
[Round "11.4"]
[White "Pham, Khoi"]
[Black "Klein, Felix"]
[Result "1/2-1/2"]
[WhiteElo "2344"]
[BlackElo "2297"]
[PlyCount "70"]
[EventDate "2023.09.24"]
[EventType "team-tourn"]
[EventRounds "11"]
[EventCountry "BEL"]
[SourceTitle "EXT 2025"]
[Source "ChessBase"]
[SourceDate "2024.10.14"]
[SourceVersion "1"]
[SourceVersionDate "2024.10.14"]
[SourceQuality "1"]
[WhiteTeam "Wachtebeke"]
[BlackTeam "KSK Rochade"]
[WhiteTeamCountry "BEL"]
[BlackTeamCountry "BEL"]

1. Nf3 d5 2. g3 Nd7 3. d4 Nb6 4. Bg2 Bf5 5. 0-0 e6 6. Nc3 Be7 7. Re1 c6 8. e4 dxe4 9. Nxe4 Nf6 10. Nxf6+ Bxf6 11. a4 a5 12. c3 0-0 13. Qb3 Bd3 14. Ne5 Ba6 15. Bf4 Nd7 16. Rad1 Be7 17. Qc2 Nxe5 18. Bxe5 Bd6 19. c4 Re8 20. b3 Qe7 21. c5 Bc7 22. Re4 Rad8 23. Rh4 h6 24. Re1 Bxe5 25. dxe5 Qd7 26. b4 axb4 27. Rxb4 Qd2 28. Qxd2 Rxd2 29. Bf1 Ra8 30. Bxa6 Rxa6 31. Ree4 Ra7 32. Red4 Rxd4 33. Rxd4 Kf8 34. Kg2 Ke7 35. Kf3 Ra5 1/2-1/2

[Event "BL2-West 2324"]
[Site "Germany"]
[Date "2024.03.17"]
[Round "10.5"]
[White "Berg, Michael"]
[Black "Klein, Felix"]
[Result "1/2-1/2"]
[WhiteElo "2321"]
[BlackElo "2300"]
[PlyCount "91"]
[EventDate "2023.10.21"]
[EventType "team-tourn"]
[EventRounds "10"]
[EventCountry "GER"]
[SourceTitle "EXT 2025"]
[Source "ChessBase"]
[SourceDate "2024.10.14"]
[SourceVersion "1"]
[SourceVersionDate "2024.10.14"]
[SourceQuality "1"]
[WhiteTeam "Solingen II"]
[BlackTeam "Aachen"]
[WhiteTeamCountry "GER"]
[BlackTeamCountry "GER"]

1. d4 d5 2. c4 e6 3. Nf3 Nf6 4. g3 Bb4+ 5. Bd2 Be7 6. Bg2 0-0 7. 0-0 c6 8. Bc3 b6 9. Nbd2 Bb7 10. b4 dxc4 11. Nxc4 c5 12. dxc5 bxc5 13. b5 Nbd7 14. Na5 Bd5 15. Nc6 Bxc6 16. bxc6 Nb6 17. Qc2 Nfd5 18. Rfd1 Qc7 19. Ba5 Rfd8 20. e4 Nf6 21. Bc3 Qxc6 22. Ne5 Qc7 23. a4 Rxd1+ 24. Rxd1 Rd8 25. Rxd8+ Bxd8 26. a5 Nbd7 27. Nc4 Be7 28. Qa4 Ng4 29. Qb5 Nge5 30. Nxe5 Nxe5 31. a6 Nc6 32. h3 Nd4 33. Qe8+ Bf8 34. Kh2 Qb6 35. Qa4 Ne2 36. Be1 Qb1 37. Qa5 c4 38. Qd2 Nc1 39. Qd4 Nd3 40. Bc3 Qb8 41. Qxc4 Nc5 42. Bd4 Qd6 43. Bf1 Nxa6 44. Bxa7 Nc5 45. Qxc5 Qxc5 46. Bxc5 1/2-1/2

[Event "BEL-chT 2324"]
[Site "Belgium"]
[Date "2024.03.10"]
[Round "9.5"]
[White "Klein, Felix"]
[Black "Verheyden, Jonas"]
[Result "1/2-1/2"]
[WhiteElo "2297"]
[BlackElo "2094"]
[PlyCount "104"]
[EventDate "2023.09.24"]
[EventType "team-tourn"]
[EventRounds "11"]
[EventCountry "BEL"]
[SourceTitle "EXT 2025"]
[Source "ChessBase"]
[SourceDate "2024.10.14"]
[SourceVersion "1"]
[SourceVersionDate "2024.10.14"]
[SourceQuality "1"]
[WhiteTeam "KSK Rochade"]
[BlackTeam "Leuven Centraal"]
[WhiteTeamCountry "BEL"]
[BlackTeamCountry "BEL"]

1. e4 c5 2. Nf3 d6 3. d4 cxd4 4. Nxd4 Nf6 5. Nc3 g6 6. Be3 Bg7 7. f3 0-0 8. Qd2 Nc6 9. Bc4 Bd7 10. 0-0-0 Rc8 11. Bb3 Nxd4 12. Bxd4 b5 13. Nd5 Nxd5 14. Bxg7 Kxg7 15. exd5 a5 16. a3 Kg8 17. Rhe1 b4 18. axb4 axb4 19. Qxb4 Rb8 20. Qd4 Ra8 21. Kd2 Qa5+ 22. Ke2 Ra7 23. Kf2 Bf5 24. Re2 Rc7 25. Bc4 Rfc8 26. b3 Ra8 27. Rde1 Raa7 28. c3 Rcb7 29. b4 Qd8 30. Ra2 Rxa2+ 31. Bxa2 Qa8 32. Bc4 Qa3 33. Re2 Bb1 34. b5 Qa5 35. Rb2 Qa1 36. Qd2 Qa7+ 37. Qe3 Qa1 38. Rb4 Ba2 39. Qd4 Bxc4 40. Rxc4 f6 41. Rc8+ Kg7 42. Qe4 Ra7 43. Qe6 Kh6 44. Kg3 Qc1 45. Qe2 Qg5+ 46. Kf2 Qxd5 47. Qe3+ g5 48. Qxa7 Qd2+ 49. Kf1 Qd1+ 50. Kf2 Qd2+ 51. Kf1 Qd1+ 52. Kf2 Qd2+ 1/2-1/2

[Event "BEL-chT 2324"]
[Site "Belgium"]
[Date "2024.01.28"]
[Round "6.3"]
[White "Klein, Felix"]
[Black "Van der Stricht, Geert"]
[Result "0-1"]
[WhiteElo "2297"]
[BlackElo "2322"]
[PlyCount "106"]
[EventDate "2023.09.24"]
[EventType "team-tourn"]
[EventRounds "11"]
[EventCountry "BEL"]
[SourceTitle "EXT 2025"]
[Source "ChessBase"]
[SourceDate "2024.10.14"]
[SourceVersion "1"]
[SourceVersionDate "2024.10.14"]
[SourceQuality "1"]
[WhiteTeam "KSK Rochade"]
[BlackTeam "KGSRL"]
[WhiteTeamCountry "BEL"]
[BlackTeamCountry "BEL"]

1. e4 c5 2. Nf3 d6 3. d4 cxd4 4. Nxd4 Nf6 5. Nc3 a6 6. f3 Qb6 7. Nb3 e6 8. g4 Be7 9. g5 Nfd7 10. h4 Nc6 11. Qe2 Qc7 12. Be3 b5 13. 0-0-0 Bb7 14. Kb1 Nce5 15. f4 Nc4 16. Bc1 Ndb6 17. a3 Nxa3+ 18. bxa3 Qxc3 19. Rh3 Na4 20. Rdd3 Qc7 21. f5 e5 22. h5 Rc8 23. Bg2 h6 24. f6 gxf6 25. gxh6 Bf8 26. Rhg3 Bxh6 27. Bxh6 Rxh6 28. Bh3 Rd8 29. Qf3 Ke7 30. Rg7 Rdh8 31. Bf5 Kf8 32. Qg4 Rxh5 33. Be6 Rg5 34. Rxg5 fxg5 35. Bxf7 Rh2 36. c4 Rf2 37. Bd5 Bxd5 38. exd5 Qxc4 39. Rf3+ Rxf3 40. Qxf3+ Qf4 41. Qh3 Qe4+ 42. Kc1 Qc4+ 43. Kb1 Qxd5 44. Qh6+ Kf7 45. Qh5+ Kf6 46. Qh6+ Kf5 47. Qh7+ Kg4 48. Qc2 Qh1+ 49. Ka2 Qf3 50. Nd2 Qe2 51. Kb1 Nc5 52. Kc1 Qd3 53. Qd1+ Kf5 0-1

[Event "World-chT Rapid"]
[Site "Duesseldorf"]
[Date "2023.08.27"]
[Round "8.10"]
[White "Klein, Felix"]
[Black "Kaspi, Alexander"]
[Result "0-1"]
[WhiteElo "2300"]
[BlackElo "2405"]
[PlyCount "160"]
[EventDate "2023.08.26"]
[EventType "team-swiss (rapid)"]
[EventRounds "12"]
[EventCountry "GER"]
[SourceTitle "CBM 215 Extra"]
[Source "ChessBase"]
[SourceDate "2023.09.30"]
[SourceVersion "1"]
[SourceVersionDate "2023.09.30"]
[SourceQuality "1"]
[WhiteTeam "Aachen"]
[BlackTeam "Rishon Le Zion"]
[WhiteTeamCountry "GER"]
[BlackTeamCountry "ISR"]

1. d4 Nf6 2. c4 e6 3. Nf3 b6 4. a3 Ba6 5. Nbd2 Bb7 6. Qc2 d5 7. cxd5 exd5 8. b4 Nbd7 9. e3 Bd6 10. Bb2 Qe7 11. b5 0-0 12. Be2 Rac8 13. 0-0 Ng4 14. Qb3 f5 15. Rfe1 Ngf6 16. a4 Ne4 17. Ba3 Rf6 18. Bxd6 Nxd6 19. Bf1 Rh6 20. Rac1 g5 21. g3 Ne4 22. Rc2 Ndf6 23. Ne5 g4 24. Rec1 Nxd2 25. Rxd2 Ne4 26. Rdc2 Rd6 27. Bg2 Ng5 28. Qd3 Ne4 29. h3 h5 30. h4 Kg7 31. Kh2 Re6 32. f3 gxf3 33. Bxf3 Kh6 34. Qe2 Nf6 35. Qd3 Ne4 36. Qf1 Nf6 37. Be2 Ng4+ 38. Bxg4 fxg4 39. Qf4+ Kg7 40. Qf5 Kh6 41. Qf4+ Kg7 42. Qf5 Kh6 43. Nf7+ Kg7 44. Ng5 Rg6 45. Qf4 c5 46. bxc6 Rcxc6 47. Rxc6 Bxc6 48. Kg1 Rf6 49. Qe5 Qxe5 50. dxe5 Rg6 51. e6 Bxa4 52. Rc7+ Kf6 53. Rxa7 Be8 54. Ra8 Ke7 55. Ra7+ Kf6 56. Ra8 Ke7 57. Rb8 b5 58. Rb7+ Kd6 59. Rb8 Ke7 60. Kf2 Rf6+ 61. Ke2 Rf5 62. Kd3 Re5 63. Kd4 Rf5 64. Kc5 d4+ 65. Kxd4 Bc6 66. e4 Rf1 67. Rh8 Rc1 68. Rh7+ Kf6 69. Rh6+ Ke7 70. Rxh5 b4 71. Rh7+ Kf6 72. Rf7+ Kg6 73. Ke5 b3 74. Rf6+ Kg7 75. h5 Rc5+ 76. Kd6 Kxf6 77. Nh7+ Kg7 78. Kxc5 Be8 79. Kd6 b2 80. Ke7 Bxh5 0-1

[Event "BL2-West 2223"]
[Site "Germany"]
[Date "2022.11.26"]
[Round "3.5"]
[White "Klein, Felix"]
[Black "Zavgorodniy, Sergiy"]
[Result "1-0"]
[WhiteElo "2275"]
[BlackElo "2410"]
[PlyCount "79"]
[EventDate "2022.10.22"]
[EventType "team-tourn"]
[EventRounds "10"]
[EventCountry "GER"]
[SourceTitle "EXT 2024"]
[Source "ChessBase"]
[SourceDate "2023.10.10"]
[SourceVersion "1"]
[SourceVersionDate "2023.10.10"]
[SourceQuality "1"]
[WhiteTeam "Aachen SV"]
[BlackTeam "Siegburg"]
[WhiteTeamCountry "GER"]
[BlackTeamCountry "GER"]

1. e4 e5 2. Nf3 d6 3. d4 exd4 4. Nxd4 Nf6 5. Nc3 Be7 6. g3 h5 7. Bf4 c6 8. Qd2 Nbd7 9. Nf5 Ne5 10. 0-0-0 Bxf5 11. exf5 Qc7 12. Bg2 0-0 13. h3 d5 14. Bxe5 Qxe5 15. Rde1 Qc7 16. Bf3 Bd6 17. Kb1 Nd7 18. Bxh5 b5 19. Rd1 Be5 20. f4 Bf6 21. g4 Nc5 22. g5 Bxc3 23. Qxc3 Ne4 24. Qf3 b4 25. f6 Rfb8 26. g6 fxg6 27. Bxg6 Nxf6 28. h4 b3 29. cxb3 Rb4 30. Rde1 Rf8 31. a3 Ne4 32. Qh5 Nf6 33. Qe5 Rb7 34. Qe6+ Kh8 35. h5 Ng8 36. f5 Rxb3 37. h6 gxh6 38. f6 Qc8 39. Qxc8 Rxc8 40. f7 1-0

[Event "EU-Cup 37th"]
[Site "Mayrhofen"]
[Date "2022.10.09"]
[Round "7.4"]
[White "Fischer, Daniel1"]
[Black "Klein, Felix"]
[Result "1/2-1/2"]
[WhiteElo "2407"]
[BlackElo "2275"]
[PlyCount "99"]
[EventDate "2022.10.03"]
[EventType "team-swiss"]
[EventRounds "7"]
[EventCountry "AUT"]
[SourceTitle "CBM 210 Extra"]
[Source "ChessBase"]
[SourceDate "2022.11.30"]
[SourceVersion "1"]
[SourceVersionDate "2022.11.30"]
[SourceQuality "1"]
[WhiteTeam "Zuerich SG"]
[BlackTeam "Eupen Rochade"]
[WhiteTeamCountry "SUI"]
[BlackTeamCountry "BEL"]

1. e4 c5 2. Nf3 e6 3. d4 cxd4 4. Nxd4 a6 5. c4 Nf6 6. Nc3 Bb4 7. Qd3 d5 8. exd5 exd5 9. Be2 0-0 10. 0-0 Nc6 11. Nxc6 bxc6 12. Rd1 Be6 13. a3 Bc5 14. b4 Be7 15. cxd5 Nxd5 16. Bb2 Qb8 17. Nxd5 Bxd5 18. Qh3 Rd8 19. Bd3 h6 20. Qg4 Bg5 21. g3 Qd6 22. Be4 Qe7 23. Bxd5 cxd5 24. Re1 Qd6 25. Rad1 Qc6 26. Qf5 Ra7 27. h4 Be7 28. Rc1 Qb7 29. Qg4 Bf8 30. Qd4 Raa8 31. Rc5 Rac8 32. Rec1 Rxc5 33. Rxc5 Qd7 34. Ra5 Qe6 35. Rc5 Qd7 36. Kg2 Qd6 37. Rc2 Re8 38. Rd2 Rd8 39. Rd3 Qc6 40. Rc3 Qd6 41. Rf3 Rc8 42. Rf5 Rc2 43. Bc3 Qc6 44. Rf3 f6 45. Rd3 a5 46. Bd2 axb4 47. axb4 Rc4 48. Qxd5+ Qxd5+ 49. Rxd5 Bxb4 50. Bxb4 1/2-1/2

[Event "Bundesliga 2122"]
[Site "Germany"]
[Date "2022.05.28"]
[Round "9.7"]
[White "Breier, Andreas"]
[Black "Klein, Felix"]
[Result "1/2-1/2"]
[WhiteElo "2368"]
[BlackElo "2266"]
[PlyCount "68"]
[EventDate "2022.03.05"]
[EventType "team-tourn"]
[EventRounds "15"]
[EventCountry "GER"]
[SourceTitle "EXT 2023"]
[Source "ChessBase"]
[SourceDate "2022.10.05"]
[SourceVersion "1"]
[SourceVersionDate "2022.10.05"]
[SourceQuality "1"]
[WhiteTeam "Koenig Tegel"]
[BlackTeam "Aachen"]
[WhiteTeamCountry "GER"]
[BlackTeamCountry "GER"]

1. d4 d5 2. Nf3 e6 3. g3 Nf6 4. Bg2 Be7 5. 0-0 0-0 6. b3 b6 7. Bb2 Bb7 8. Nbd2 c5 9. Ne5 Nc6 10. Ndf3 Rc8 11. c4 Na5 12. dxc5 Bxc5 13. cxd5 Bxd5 14. Qd2 Qe7 15. Qf4 Bd6 16. Qd4 Nc6 17. Nxc6 Bxc6 18. Ne5 Bxg2 19. Kxg2 Bc5 20. Qh4 Rfd8 21. Nd3 Qb7+ 22. Kg1 Be7 23. Rac1 h6 24. Rc4 Rxc4 25. Qxc4 Rc8 26. Qf4 Qe4 27. Qd2 Nd5 28. Rc1 Rxc1+ 29. Nxc1 Qb1 30. Kg2 Bg5 31. e3 Qe4+ 32. Kh3 Qf5+ 33. Kg2 Qe4+ 34. Kh3 Qf5+ 1/2-1/2

[Event "Bundesliga 2122"]
[Site "Germany"]
[Date "2022.03.05"]
[Round "1.4"]
[White "Bjerre, Jonas Buhl"]
[Black "Klein, Felix"]
[Result "1-0"]
[WhiteElo "2601"]
[BlackElo "2266"]
[PlyCount "83"]
[EventDate "2022.03.05"]
[EventType "team-tourn"]
[EventRounds "15"]
[EventCountry "GER"]
[SourceTitle "EXT 2023"]
[Source "ChessBase"]
[SourceDate "2022.10.05"]
[SourceVersion "1"]
[SourceVersionDate "2022.10.05"]
[SourceQuality "1"]
[WhiteTeam "Kiel Turm"]
[BlackTeam "Aachen"]
[WhiteTeamCountry "GER"]
[BlackTeamCountry "GER"]

1. Nf3 d5 2. g3 Nf6 3. Bg2 e6 4. 0-0 c5 5. c4 d4 6. e3 Nc6 7. exd4 cxd4 8. d3 Nd7 9. Re1 Be7 10. Na3 a5 11. Bf4 g5 12. Bc1 0-0 13. Nc2 Nc5 14. b3 f6 15. Ba3 e5 16. Bxc5 Bxc5 17. a3 Kg7 18. Nd2 Rf7 19. Rb1 Qf8 20. Qc1 Bf5 21. Ne4 Re8 22. Nxc5 Qxc5 23. b4 Qf8 24. Qd2 axb4 25. axb4 Nd8 26. c5 b6 27. cxb6 Qd6 28. Na3 Qxb6 29. Nc4 Qb8 30. Ra1 Rd7 31. Ra8 Qc7 32. b5 Ree7 33. b6 Qc5 34. Ra5 Qc8 35. Rc1 Nb7 36. Nxe5 Qe8 37. Nxd7 Nxa5 38. Qxa5 Bxd7 39. b7 Qb8 40. Qa8 Re8 41. Qxb8 Rxb8 42. Rc7 1-0

[Event "BEL-chT 2122"]
[Site "Belgium"]
[Date "2021.11.21"]
[Round "2.5"]
[White "Klein, Felix"]
[Black "Lui, Eric"]
[Result "1-0"]
[WhiteElo "2309"]
[BlackElo "1874"]
[PlyCount "31"]
[EventDate "2021.10.24"]
[EventType "team-tourn"]
[EventRounds "11"]
[EventCountry "BEL"]
[SourceTitle "EXT 2023"]
[Source "ChessBase"]
[SourceDate "2022.10.05"]
[SourceVersion "1"]
[SourceVersionDate "2022.10.05"]
[SourceQuality "1"]
[WhiteTeam "KSK Rochade"]
[BlackTeam "Montigny Fontaine"]
[WhiteTeamCountry "BEL"]
[BlackTeamCountry "BEL"]

1. e4 c5 2. Nf3 d6 3. d4 cxd4 4. Nxd4 Nf6 5. Nc3 a6 6. f3 e5 7. Nb3 Be6 8. Be3 Be7 9. Qd2 0-0 10. 0-0-0 a5 11. a4 Na6 12. g4 d5 13. exd5 Nxd5 14. Nxd5 Bxd5 15. Qxd5 Qc7 16. Qd7 1-0

[Event "Bundesliga 1920"]
[Site "Germany"]
[Date "2021.10.17"]
[Round "15.4"]
[White "Hracek, Zbynek"]
[Black "Klein, Felix"]
[Result "1-0"]
[WhiteElo "2559"]
[BlackElo "2333"]
[PlyCount "101"]
[EventDate "2019.11.23"]
[EventType "team-tourn"]
[EventRounds "15"]
[EventCountry "GER"]
[SourceTitle "EXT 2022"]
[Source "ChessBase"]
[SourceDate "2021.10.06"]
[SourceVersion "1"]
[SourceVersionDate "2021.10.06"]
[SourceQuality "1"]
[WhiteTeam "Werder Bremen"]
[BlackTeam "Aachen"]
[WhiteTeamCountry "GER"]
[BlackTeamCountry "GER"]

1. c4 e6 2. Nc3 d5 3. d4 Nf6 4. cxd5 exd5 5. Bg5 c6 6. e3 Bf5 7. Qf3 Bg6 8. Bxf6 Qxf6 9. Qxf6 gxf6 10. Nf3 Nd7 11. Nh4 Be7 12. Ne2 Nb6 13. Ng3 Bb4+ 14. Kd1 Nc4 15. Bxc4 dxc4 16. Ngf5 0-0-0 17. Ke2 b5 18. f4 Rhe8 19. Kf3 c3 20. bxc3 Bxc3 21. Rac1 b4 22. a3 Bb2 23. axb4 Bxc1 24. Rxc1 Kd7 25. e4 Bxf5 26. Nxf5 Rb8 27. Ra1 Rb7 28. Ne3 Ra8 29. Ra4 Rb5 30. Nc4 Rab8 31. Rxa7+ R8b7 32. Rxb7+ Rxb7 33. Ne3 Rxb4 34. Nf5 Rb2 35. h4 c5 36. dxc5 Kc6 37. g3 Kxc5 38. Kg4 Re2 39. Kh5 Rxe4 40. Kh6 Kd5 41. Kxh7 Ra4 42. Nh6 Ke4 43. f5 Kf3 44. g4 Rxg4 45. Nxg4 Kxg4 46. Kg7 Kxf5 47. h5 Kg4 48. h6 f5 49. h7 Kg3 50. h8Q f4 51. Qb8 1-0

[Event "Bundesliga 1920 final"]
[Site "Karlsruhe"]
[Date "2020.09.16"]
[Round "1.5"]
[White "Klein, Felix"]
[Black "Jakubowski, Krzysztof"]
[Result "1-0"]
[WhiteElo "2307"]
[BlackElo "2481"]
[PlyCount "93"]
[EventDate "2020.09.16"]
[EventType "team-tourn"]
[EventRounds "7"]
[EventCountry "GER"]
[SourceTitle "CBM 198 Extra"]
[Source "ChessBase"]
[SourceDate "2020.11.30"]
[SourceVersion "1"]
[SourceVersionDate "2020.11.30"]
[SourceQuality "1"]
[WhiteTeam "Aachen"]
[BlackTeam "Berlin SF"]
[WhiteTeamCountry "GER"]
[BlackTeamCountry "GER"]

1. e4 c5 2. Nf3 d6 3. d4 cxd4 4. Nxd4 Nf6 5. Nc3 a6 6. f3 e6 7. Be3 b5 8. Qd2 Bb7 9. g4 Nfd7 10. g5 Nb6 11. a4 bxa4 12. Nxa4 Nxa4 13. Rxa4 d5 14. e5 Nd7 15. f4 Nc5 16. Ra2 Ne4 17. Qg2 Bc5 18. Bd3 Qb6 19. c3 a5 20. Qc2 0-0 21. 0-0 Kh8 22. Rfa1 f6 23. exf6 gxf6 24. gxf6 Rxf6 25. Kh1 Rg8 26. Rxa5 e5 27. fxe5 Rf3 28. Qe2 Rxe3 29. Qxe3 Qxb2 30. Bxe4 dxe4 31. Rg1 Rxg1+ 32. Kxg1 Bb6 33. Ra4 Qb1+ 34. Kg2 Qb2+ 35. Kg1 Qb1+ 36. Kg2 Qb2+ 37. Kg3 Bc7 38. Qg5 Qxc3+ 39. Kh4 Bc8 40. e6 Qe1+ 41. Kh5 Qf2 42. Ra2 Qf8 43. Ra8 Qe8+ 44. Kg4 Bd6 45. Qf6+ Kg8 46. Nf5 Bf8 47. Qf7+ 1-0

[Event "Bundesliga 1920"]
[Site "Germany"]
[Date "2020.02.09"]
[Round "6.5"]
[White "Studer, Noel"]
[Black "Klein, Felix"]
[Result "1-0"]
[WhiteElo "2541"]
[BlackElo "2333"]
[PlyCount "79"]
[EventDate "2019.11.23"]
[EventType "team-tourn"]
[EventRounds "15"]
[EventCountry "GER"]
[SourceTitle "CBM 194 Extra"]
[Source "ChessBase"]
[SourceDate "2020.03.31"]
[SourceVersion "1"]
[SourceVersionDate "2020.03.31"]
[SourceQuality "1"]
[WhiteTeam "Bayern Muenchen"]
[BlackTeam "Aachen"]
[WhiteTeamCountry "GER"]
[BlackTeamCountry "GER"]

1. d4 d5 2. c4 e6 3. Nf3 Nf6 4. g3 c6 5. Bg2 Nbd7 6. Qd3 a5 7. cxd5 exd5 8. 0-0 Be7 9. Nh4 Nb6 10. Nc3 0-0 11. Nf5 Bxf5 12. Qxf5 Re8 13. Bf4 Nc4 14. b3 Nd6 15. Qd3 Nh5 16. Be5 g6 17. g4 Nf6 18. h3 Bf8 19. f3 Nd7 20. Bh2 Nb6 21. e4 dxe4 22. fxe4 Re7 23. e5 Ne8 24. Ne4 a4 25. Rad1 axb3 26. Qxb3 Nd5 27. Rf2 Qa5 28. Rdf1 Bh6 29. g5 Bf8 30. e6 Ng7 31. Nf6+ Kh8 32. Bxd5 cxd5 33. Nxd5 Rxe6 34. Rxf7 Nf5 35. Nf6 Rxf6 36. gxf6 b6 37. Be5 Bh6 38. Re7 Qd2 39. f7+ Bg7 40. Re8+ 1-0

[Event "BEL-chT 1920"]
[Site "Belgium"]
[Date "2020.01.19"]
[Round "6.4"]
[White "Klein, Felix"]
[Black "Wunnink, Michael"]
[Result "1/2-1/2"]
[WhiteElo "2350"]
[BlackElo "2276"]
[PlyCount "73"]
[EventDate "2019.09.29"]
[EventType "team-tourn"]
[EventRounds "11"]
[EventCountry "BEL"]
[SourceTitle "CBM 195 Extra"]
[Source "ChessBase"]
[SourceDate "2020.05.31"]
[SourceVersion "1"]
[SourceVersionDate "2020.05.31"]
[SourceQuality "1"]
[WhiteTeam "Eupen Rochade"]
[BlackTeam "Jean Jaures Ghent"]
[WhiteTeamCountry "BEL"]
[BlackTeamCountry "BEL"]

1. e4 c5 2. Nf3 Nc6 3. d4 cxd4 4. Nxd4 Nf6 5. Nc3 e5 6. Ndb5 d6 7. Bg5 a6 8. Na3 b5 9. Nd5 Be7 10. Bxf6 Bxf6 11. c3 0-0 12. Nc2 Rb8 13. a4 bxa4 14. Ncb4 Nxb4 15. cxb4 Bb7 16. Rxa4 Bc6 17. Rxa6 Bxd5 18. Qxd5 Rxb4 19. Bc4 Qc8 20. Rc6 Qa8 21. b3 Be7 22. 0-0 Qa7 23. Ra6 Qc7 24. Rfa1 Rb7 25. Ra8 Bd8 26. R1a6 Qe7 27. g3 Rd7 28. Bb5 Rb7 29. Rc8 g6 30. Bc4 Bb6 31. Rxf8+ Kxf8 32. Qd2 Kg7 33. h4 h5 34. Bd5 Rb8 35. b4 Bd4 36. Bc6 d5 37. Bxd5 1/2-1/2

[Event "Erfurt op-A 29th"]
[Site "Erfurt"]
[Date "2019.12.27"]
[Round "3"]
[White "Klein, Felix"]
[Black "Dehmel, Jens"]
[Result "1/2-1/2"]
[WhiteElo "2304"]
[BlackElo "2045"]
[PlyCount "70"]
[EventDate "2019.12.26"]
[EventType "swiss"]
[EventRounds "8"]
[EventCountry "GER"]
[SourceTitle "CBM 194 Extra"]
[Source "ChessBase"]
[SourceDate "2020.03.31"]
[SourceVersion "1"]
[SourceVersionDate "2020.03.31"]
[SourceQuality "1"]

1. e4 e5 2. Nf3 Nc6 3. Bb5 a6 4. Ba4 Nf6 5. 0-0 Nxe4 6. d4 b5 7. Bb3 d5 8. dxe5 Be6 9. Nbd2 Nc5 10. c3 g6 11. Nd4 Nxe5 12. f4 Ned3 13. f5 gxf5 14. Bc2 Nxc1 15. Rxc1 Qd7 16. Nxf5 0-0-0 17. Qf3 Kb8 18. b4 Na4 19. Bxa4 bxa4 20. Nd4 c5 21. bxc5 Bxc5 22. Kh1 Ka7 23. Qd3 Rb8 24. N2f3 Qd6 25. Ne5 Rb7 26. Nec6+ Kb6 27. Rb1+ Kc7 28. Qxa6 Rxb1 29. Rxb1 Bc8 30. Qxa4 Qg6 31. Rg1 Bd7 32. Qa5+ Bb6 33. Qxd5 Bxc6 34. Qe5+ Kb7 35. Qxh8 Bxg2+ 1/2-1/2

[Event "BEL-chT 1920"]
[Site "Belgium"]
[Date "2019.11.17"]
[Round "4.4"]
[White "Klein, Felix"]
[Black "Sterck, Arno"]
[Result "1-0"]
[WhiteElo "2350"]
[BlackElo "2328"]
[PlyCount "79"]
[EventDate "2019.09.29"]
[EventType "team-tourn"]
[EventRounds "11"]
[EventCountry "BEL"]
[SourceTitle "CBM 195 Extra"]
[Source "ChessBase"]
[SourceDate "2020.05.31"]
[SourceVersion "1"]
[SourceVersionDate "2020.05.31"]
[SourceQuality "1"]
[WhiteTeam "Eupen Rochade"]
[BlackTeam "KBSK Brugge"]
[WhiteTeamCountry "BEL"]
[BlackTeamCountry "BEL"]

1. e4 e5 2. Nf3 Nc6 3. Bb5 a6 4. Ba4 Nf6 5. 0-0 Be7 6. Re1 b5 7. Bb3 0-0 8. d4 Nxd4 9. Nxd4 exd4 10. e5 Ne8 11. c3 d6 12. Qf3 Be6 13. cxd4 Bxb3 14. Qxb3 d5 15. Nc3 c6 16. Ne2 Nc7 17. Bd2 a5 18. a4 b4 19. Rac1 Qd7 20. Qc2 Ra6 21. Ng3 g6 22. b3 Rb6 23. Be3 Ne6 24. Qd1 Rd8 25. Rc2 Bh4 26. Qd3 Bxg3 27. hxg3 Rc8 28. f3 c5 29. dxc5 Rbc6 30. Rd1 Nxc5 31. Qb5 Qc7 32. Rdc1 Rb8 33. Qf1 Qxe5 34. Bxc5 Rbc8 35. Qd3 Qxg3 36. Bf2 Qd6 37. Rxc6 Rxc6 38. Re1 Kg7 39. Bd4+ f6 40. Qe2 1-0

[Event "Maastricht Limburg op 13th"]
[Site "Maastricht"]
[Date "2019.06.10"]
[Round "7"]
[White "Klein, Felix"]
[Black "Van Lith, Arjan"]
[Result "1-0"]
[WhiteElo "2328"]
[BlackElo "2132"]
[PlyCount "101"]
[EventDate "2019.06.07"]
[EventType "swiss"]
[EventRounds "7"]
[EventCountry "NED"]
[SourceTitle "CBM 190 Extra"]
[Source "ChessBase"]
[SourceDate "2019.07.15"]
[SourceVersion "1"]
[SourceVersionDate "2019.07.15"]
[SourceQuality "1"]

1. e4 c5 2. Nf3 Nc6 3. d4 cxd4 4. Nxd4 Nf6 5. Nc3 e5 6. Ndb5 d6 7. Bg5 a6 8. Na3 b5 9. Nd5 Be7 10. Bxf6 Bxf6 11. c4 b4 12. Nc2 Rb8 13. Qf3 Bg5 14. Rd1 Qa5 15. Qb3 0-0 16. h4 Bh6 17. Be2 f5 18. Bf3 Qc5 19. 0-0 fxe4 20. Bxe4 Bg4 21. Rde1 Kh8 22. Qd3 Rb7 23. Kh1 Rbf7 24. f3 Be6 25. b3 g5 26. hxg5 Bxg5 27. g4 h5 28. Kg2 h4 29. Nde3 a5 30. Rh1 Kg7 31. Bf5 Bxe3 32. Nxe3 Nd4 33. Rxh4 Nxf5 34. gxf5 Bxf5 35. Qd2 Rf6 36. Nxf5+ Rxf5 37. Reh1 Kf7 38. Rh7+ Ke8 39. Qh6 R5f6 40. Qg7 R8f7 41. Qg8+ Ke7 42. Rxf7+ Rxf7 43. Rh8 Qe3 44. Qd8+ Ke6 45. Re8+ Kf5 46. Qc8+ Kf6 47. Qe6+ Kg7 48. Qg4+ Kh7 49. Qg8+ Kh6 50. Re6+ Kh5 51. Qg4# 1-0

[Event "BEL-chT 1819"]
[Site "Belgium"]
[Date "2019.03.17"]
[Round "9.7"]
[White "Klein, Felix"]
[Black "Zwirs, Nico"]
[Result "0-1"]
[WhiteElo "2307"]
[BlackElo "2407"]
[PlyCount "68"]
[EventDate "2018.09.30"]
[EventType "team-tourn"]
[EventRounds "11"]
[EventCountry "BEL"]
[SourceTitle "CBM 189 Extra"]
[Source "ChessBase"]
[SourceDate "2019.05.31"]
[SourceVersion "1"]
[SourceVersionDate "2019.05.31"]
[SourceQuality "1"]
[WhiteTeam "KSK Rochade"]
[BlackTeam "Echiquier Mosan"]
[WhiteTeamCountry "BEL"]
[BlackTeamCountry "BEL"]

1. e4 c5 2. Nf3 d6 3. d4 cxd4 4. Nxd4 Nf6 5. Nc3 a6 6. Be3 e5 7. Nf3 Qc7 8. a4 Be7 9. Be2 0-0 10. 0-0 Nbd7 11. a5 Nc5 12. Nd2 Be6 13. f3 d5 14. exd5 Nxd5 15. Nxd5 Bxd5 16. c4 Be6 17. Qc2 Nd7 18. Rfd1 Rac8 19. Ne4 h6 20. Nc3 Nf6 21. b3 Bc5 22. Bxc5 Qxc5+ 23. Kh1 Rfd8 24. Ne4 Rxd1+ 25. Rxd1 Qxa5 26. Nxf6+ gxf6 27. Qe4 Rd8 28. Rxd8+ Qxd8 29. g4 Qd2 30. Bd3 Kf8 31. Bc2 Qf2 32. h4 h5 33. gxh5 Bh3 34. f4 Bg4 0-1